| LEADER | 01153nam a2200277 4500 | ||
|---|---|---|---|
| 001 | c000034832 | ||
| 003 | CARM | ||
| 005 | 00000000000000.0 | ||
| 008 | 700914s1968 enka 00010 eng | ||
| 015 | |a B*** | ||
| 019 | 1 | |a 90503 |z 26382554 |5 LACONCORD2021 | |
| 035 | |a (OCoLC)43425 |5 LACONCORD2021 | ||
| 050 | 0 | 0 | |a Q149.G7 |b A59 |
| 110 | 1 | 0 | |a Great Britain. |b Working Group on Manpower for Scientific Growth. |
| 245 | 1 | 4 | |a The flow into employment of scientists, engineers and technologists; |b report of the Working Group on Manpower for Scientific Growth. |
| 260 | |a London, |b H.M.S.O., |c 1968. | ||
| 300 | |a viii, 186 p. |b illus. |c 25 cm. | ||
| 490 | 1 | |a [Great Britain. Parliament. Papers by command] cmnd. ; |v 3760 | |
| 650 | 0 | |a Scientists |x Employment |z Great Britain. | |
| 650 | 0 | |a Engineers |x Employment |z Great Britain. | |
| 650 | 0 | |a Technologists |z Great Britain. | |
| 830 | 0 | |a Cmnd. ; |v 3760. | |
| 852 | 8 | |b CARM |h A2:AF36B0 |i B01457 |p 0069435 |f BK | |
| 082 | 0 | 4 | |a 331.7/61/5 |
| 999 | f | f | |i c6764809-3431-57e1-92e9-06ea03366193 |s 5c713297-9c0d-5064-990f-ee335d2db8de |
| 952 | f | f | |p Can circulate |a CAVAL |b CAVAL |c CAVAL |d CARM 1 Store |e B01457 |f A2:AF36B0 |h Other scheme |i book |m 0069435 |